Predpoveď bezporuchovosti a analýza zahorovania elektronických objektov : Habil.práca /

Enregistré dans:
Détails bibliographiques
Auteur principal: Hudec, Ján, 1953- (Auteur)
Format: Manuscrit Livre
Publié: Bratislava : STU v Bratislave EF, 1992
Tags: Ajouter un tag
Pas de tags, Soyez le premier à ajouter un tag!

MARC

LEADER 00000ntm a22000003a 4500
001 stu5073
005 20150928160244.4
008 ------s1992----------------------------d
040 |a STU  |b slo 
041 0
100 1 |a Hudec, Ján,  |d 1953-  |4 aut  |u E220  |U FEI Fakulta elektrotechniky a informatiky  |T FEI Katedra informatiky a výpočtovej techniky  |X 1995  |U E220  |Y 69  |7 A000001995 
245 1 |a Predpoveď bezporuchovosti a analýza zahorovania elektronických objektov :  |b Habil.práca /  |c [aut.] Hudec,Ján, Ing.,CSc 
260 |a Bratislava :  |b STU v Bratislave EF,  |c 1992 
300 |a 82 s 
996 |b 284ED00911  |c E*HABIL-120  |l EE01  |s A  |a 24  |w stu5073_0001